Star Wars vehicles - Statistics

General Stats
  • This quiz has been taken 82 times
  • The average score is 6 of 14
Answer Stats
Hint Appearances Answer % Correct
Luke pilots it IV/V/VI/VII X Wing
96%
The bombers IV/VI Y Wing
88%
Huge ship used by the Empire IV/V/VI Star Destroyer
79%
Boba Fett's ship II/V slave 1
67%
It can do the Kessel Run in 12 parsecs III/IV/V/VI/VII Millennium Falcon
61%
Also briefly seen in return of the jedi VI A Wing
57%
Briefly seen in return of the jedi VI B Wing
52%
The Empire's fighters IV/V/VI/VII Tie Fighters
43%
The fighters flown by Jedi II/III Jedi Starfighter
33%
Used to transport the Imperials IV/V/VI Imperial Shuttle
31%
The huge ship used by The First Order VII FINALIZER
6%
The ship Yoda arrives in, on Geonosis II/III Republic attack gunship
1%
The main ship used in The Phantom Mence I Naboo royal starship
0%
Darth Vader's fighter IV/VI Tie Avancned
0%
No matching quizzes found
Score Distribution
Percent of People with Each Score
Percentile by Number Answered
Your Score History
You have not taken this quiz